Groupes de choses - 2 - Les 7 meilleures nations aux J-O - Statistiques

Statistiques générales
  • Ce quiz a été pris 448 fois
  • Le résultat moyen est 84 sur 105
Statistiques - réponses
Indice Pays % Correct
BIATHLON | CANOE-KAYAK | HALTEROPHILIE | +3 others FRANCE
100%
CURLING | FOOTBALL | HALTEROPHILIE | +8 others ETATS-UNIS
99%
JUDO | NATATION | VOLLEY-BALL JAPON
99%
HALTEROPHILIE | JUDO | TAEKWONDO | +3 others CHINE
98%
BIATHLON | CANOE-KAYAK | FOOTBALL | +4 others ALLEMAGNE
95%
LUGE ALLEMAGNE DE L'OUEST
95%
TENNIS ESPAGNE
95%
FOOTBALL | VOLLEY-BALL BRESIL
94%
CURLING CANADA
94%
BIATHLON | JUDO | TENNIS | VOLLEY-BALL RUSSIE
94%
CURLING | LUGE | SKI ALPIN | +2 others ITALIE
93%
BIATHLON | CURLING | SKI ALPIN | TIR SPORTIF NORVEGE
93%
BIATHLON | CANOE-KAYAK | CURLING | TIR SPORTIF SUEDE
92%
CURLING | FOOTBALL | HOCKEY SUR GAZON | +3 others GRANDE-BRETAGNE
91%
TENNIS ROYAUME-UNI
91%
FOOTBALL | HOCKEY SUR GAZON ARGENTINE
88%
HOCKEY SUR GAZON | NATATION AUSTRALIE
87%
CURLING | SKI ALPIN SUISSE
86%
TIR A L'ARC FINLANDE
85%
JUDO | TAEKWONDO | TIR A L'ARC COREE-DU-SUD
81%
HOCKEY SUR GAZON INDE
79%
HOCKEY SUR GAZON | NATATION PAYS-BAS
79%
TAEKWONDO MEXIQUE
77%
LUGE | SKI ALPIN AUTRICHE
76%
TIR A L'ARC UKRAINE
59%
CANOE-KAYAK | FOOTBALL | NATATION HONGRIE
57%
HALTEROPHILIE TURQUIE
57%
TENNIS AFRIQUE-DU-SUD
55%
CANOE-KAYAK ROUMANIE
51%
HOCKEY SUR GAZON PAKISTAN
46%
BIATHLON | CANOE-KAYAK | FOOTBALL | +6 others URSS
44%
HALTEROPHILIE | TAEKWONDO IRAN
43%
HALTEROPHILIE BULGARIE
41%
JUDO | VOLLEY-BALL CUBA
41%
BIATHLON BIELORUSSIE
37%
CANOE-KAYAK | LUGE | NATATION ALLEMAGNE DE L'EST
28%
TAEKWONDO TAIWAN
22%
Aucun quiz correspondant
Distribution des résultats
% des personnes avec chaque résultat
Percentile par nombre de réponses
Votre historique - résultats
Vous n’avez pas pris ce quiz